| 000 | 00516nam a2200157 a 4500 | ||
|---|---|---|---|
| 008 | 120416s2002 ||||||||||||||||| || u | ||
| 020 | _a0750656093 | ||
| 050 | _aTA 145 Tim | ||
| 100 | _aTimings, Roger | ||
| 245 | 1 | 0 | _aEngineering fundamentals |
| 260 |
_aOxford: _bNewnes _c2002 |
||
| 300 | _axiv, 414p. : ill. | ||
| 350 | _a0.00 | ||
| 650 | _aENGINEERING | ||
| 995 |
_D0.00 _FCBU-MAIN LIBRARY (Kitwe) _H1 _I27.00 _M1 _UAVAILABLE _ZMain Library Open Access Collection |
||
| 999 |
_c41938 _d41938 |
||